[Event "NED-chT 2324"]
[Site "Netherlands"]
[Date "2023.10.07"]
[Round "2.3"]
[White "Ernst, Sipke"]
[Black "Holwijn, Melvin"]
[Result "1-0"]
[WhiteElo "2550"]
[BlackElo "1931"]
[PlyCount "115"]
[EventDate "2023.09.16"]
[EventType "team-tourn"]
[EventRounds "9"]
[EventCountry "NED"]
[SourceTitle "EXT 2025"]
[Source "ChessBase"]
[SourceDate "2024.10.14"]
[SourceVersion "1"]
[SourceVersionDate "2024.10.14"]
[SourceQuality "1"]
[WhiteTeam "Groningen Combinatie"]
[BlackTeam "Charlois Europoort"]
[WhiteTeamCountry "NED"]
[BlackTeamCountry "NED"]

1. d4 d5 2. c4 c6 3. cxd5 cxd5 4. Bf4 Nc6 5. Nc3 Nf6 6. e3 a6 7. Bd3 e6 8. Rc1 Be7 9. h3 h6 10. Nf3 0-0 11. 0-0 Bd7 12. Qe2 Rc8 13. Rfd1 Na5 14. Ne5 b5 15. Bg3 Nc4 16. b3 Nd6 17. a4 Nfe4 18. Bxe4 Nxe4 19. Nxe4 dxe4 20. Qa2 Bb4 21. axb5 Bxb5 22. Rxc8 Qxc8 23. Qb1 Qb7 24. Rc1 Ba3 25. Rc2 Bd3 26. Nxd3 exd3 27. Ra2 Rc8 28. Qxd3 Rc1+ 29. Kh2 Qb4 30. Rc2 Rxc2 31. Qxc2 Qb7 32. e4 Bf8 33. Qd3 Qb5 34. Qd1 f5 35. d5 exd5 36. exd5 g5 37. Be5 Qc5 38. Qh5 Bg7 39. Qg6 Qe7 40. Bxg7 Qxg7 41. Qxf5 Qe7 42. g3 Kg7 43. Kg2 Qb7 44. Qf3 Qb4 45. Qe3 a5 46. Qe5+ Kg6 47. Qe8+ Kg7 48. Qd7+ Kf8 49. Qf5+ Kg7 50. Qe5+ Kg6 51. Qe6+ Kg7 52. d6 Qb7+ 53. Kg1 Qc6 54. Qe7+ Kg6 55. d7 Qc1+ 56. Kh2 Qd2 57. Qe6+ Kh7 58. Kg2 1-0

[Event "NED-chT 2223"]
[Site "Netherlands"]
[Date "2023.04.22"]
[Round "9.6"]
[White "Honkoop, Gilian"]
[Black "Holwijn, Melvin"]
[Result "1-0"]
[WhiteElo "2223"]
[BlackElo "1940"]
[PlyCount "225"]
[EventDate "2022.09.17"]
[EventType "team-tourn"]
[EventRounds "9"]
[EventCountry "NED"]
[SourceTitle "EXT 2024"]
[Source "ChessBase"]
[SourceDate "2023.10.10"]
[SourceVersion "1"]
[SourceVersionDate "2023.10.10"]
[SourceQuality "1"]
[WhiteTeam "Kennemer Combinatie"]
[BlackTeam "Charlois Europoort"]
[WhiteTeamCountry "NED"]
[BlackTeamCountry "NED"]

1. d4 d5 2. Nf3 Nf6 3. c4 c6 4. Nc3 dxc4 5. a4 Be6 6. e4 Na6 7. Ne5 Nb4 8. Be3 a5 9. f4 g6 10. g4 Nxg4 11. Nxg4 Bxg4 12. Qxg4 Nc2+ 13. Kd2 Nxa1 14. Bxc4 Qb6 15. Qd1 Bg7 16. e5 Rd8 17. Qxa1 Rxd4+ 18. Kc2 0-0 19. Qg1 c5 20. Bxd4 cxd4 21. Nb5 Rc8 22. b3 Bh6 23. Qxd4 Qxd4 24. Nxd4 Bxf4 25. Nf3 e6 26. Kd3 Rd8+ 27. Ke4 Bh6 28. Rf1 Bd2 29. Rf2 Bh6 30. Nd4 Bf8 31. Rc2 Bb4 32. Bd3 Rd7 33. Rc8+ Kg7 34. Nc2 Bf8 35. Ne3 b6 36. Rc4 h5 37. Nc2 Bc5 38. Nd4 Kh6 39. Nb5 g5 40. Rc1 g4 41. Rf1 Kg5 42. Rd1 h4 43. Rd2 h3 44. Rd1 Kh4 45. Kf4 Bf8 46. Be2 Bh6+ 47. Ke4 Rxd1 48. Bxd1 Bf8 49. Nd4 Bc5 50. Ne2 Kg5 51. Ng3 Bg1 52. Nf1 Bf2 53. Ne3 g3 54. hxg3 Bxg3 55. Nf1 Bf4 56. Be2 Bc1 57. Nh2 Kh4 58. Nf1 Bb2 59. Bb5 Kg5 60. Be8 f5+ 61. exf6 Kxf6 62. Kf3 Be5 63. Kg4 h2 64. Bc6 Ke7 65. Kh3 Kd6 66. Bf3 Kc5 67. Nxh2 Kb4 68. Bd1 b5 69. Nf3 Bc3 70. Kg4 bxa4 71. bxa4 Kc5 72. Kf4 Bb2 73. Ke4 Bf6 74. Ne5 Bd8 75. Nd3+ Kd6 76. Bb3 Bb6 77. Nf4 e5 78. Nd5 Bd4 79. Ne3 Kc5 80. Bd1 Bc3 81. Be2 Bd4 82. Bb5 Bc3 83. Nc4 Bb4 84. Nxe5 Kb6 85. Kd5 Be1 86. Nc4+ Kc7 87. Be8 Kd8 88. Bh5 Kd7 89. Kc5 Bb4+ 90. Kb5 Kc7 91. Nxa5 Be1 92. Bf3 Bf2 93. Nc4 Be1 94. a5 Bxa5 95. Kxa5 Kd7 96. Kb5 Ke6 97. Kc5 Kf5 98. Kd5 Kf4 99. Be4 Kg5 100. Ke5 Kh5 101. Ne3 Kg5 102. Bf5 Kh5 103. Ng4 Kg5 104. Ke4 Kh5 105. Kf4 Kh4 106. Bg6 Kh3 107. Ne3 Kh4 108. Ng2+ Kh3 109. Kf3 Kh2 110. Bf5 Kg1 111. Ne3 Kh1 112. Kf2 Kh2 113. Nf1+ 1-0

[Event "Leiden LCT op-B 11th"]
[Site "Leiden"]
[Date "2017.07.21"]
[Round "7"]
[White "Holwijn, Melvin"]
[Black "Van der Knaap, Jan"]
[Result "0-1"]
[WhiteElo "1932"]
[BlackElo "1866"]
[PlyCount "46"]
[EventDate "2017.07.14"]
[EventType "swiss"]
[EventRounds "9"]
[EventCountry "NED"]
[SourceTitle "EXT 2018"]
[Source "ChessBase"]
[SourceDate "2017.10.13"]
[SourceVersion "1"]
[SourceVersionDate "2017.10.13"]
[SourceQuality "1"]

1. d4 d6 2. Nf3 g6 3. c4 Bg7 4. Nc3 Bg4 5. e3 c5 6. Be2 cxd4 7. exd4 Nh6 8. h3 Bxf3 9. Bxf3 Nc6 10. g4 0-0 11. h4 e5 12. Bxc6 bxc6 13. dxe5 Re8 14. Qe2 Bxe5 15. Be3 Qa5 16. 0-0 Qd8 17. g5 Nf5 18. Qg4 d5 19. Bf4 Qc7 20. Bxe5 Rxe5 21. cxd5 cxd5 22. Rae1 Qd6 23. Qf4 Rxe1 0-1

[Event "Leiden LCT op-B 11th"]
[Site "Leiden"]
[Date "2017.07.16"]
[Round "3"]
[White "Ten Brinke, Jan"]
[Black "Holwijn, Melvin"]
[Result "0-1"]
[WhiteElo "1833"]
[BlackElo "1932"]
[PlyCount "86"]
[EventDate "2017.07.14"]
[EventType "swiss"]
[EventRounds "9"]
[EventCountry "NED"]
[SourceTitle "EXT 2018"]
[Source "ChessBase"]
[SourceDate "2017.10.13"]
[SourceVersion "1"]
[SourceVersionDate "2017.10.13"]
[SourceQuality "1"]

1. d4 Nf6 2. c4 e6 3. Nc3 Bb4 4. e3 0-0 5. Bd3 d5 6. Nf3 b6 7. cxd5 exd5 8. 0-0 Bb7 9. a3 Bxc3 10. bxc3 Ne4 11. Qc2 Nd7 12. c4 Ndf6 13. cxd5 Qxd5 14. Qxc7 Ng5 15. Be2 Rfe8 16. Qf4 Ne6 17. Qe5 Qd8 18. Bb2 Nc5 19. Qg5 h6 20. Qg3 Na4 21. Rab1 Ne4 22. Qh4 Nec3 23. Bxc3 Nxc3 24. Rb2 Nxe2+ 25. Rxe2 Qxh4 26. Nxh4 Ba6 27. Rd2 Bxf1 28. Kxf1 Rac8 29. Nf5 Rc3 30. d5 Rxa3 31. d6 Kf8 32. Rc2 Rd3 33. Rc7 a5 34. Nd4 a4 35. d7 Rd8 36. Rc8 Rxd4 37. Rxd8+ Ke7 38. Ra8 Rxd7 39. Rxa4 Kd6 40. e4 Kc5 41. Ra2 b5 42. Rb2 Kc4 43. Ke2 b4 0-1

[Event "Maastricht Limburg op-B 8th"]
[Site "Maastricht"]
[Date "2014.06.09"]
[Round "7"]
[White "Holwijn, Melvin"]
[Black "Wlogalski, Olivier"]
[Result "1/2-1/2"]
[WhiteElo "1983"]
[BlackElo "1896"]
[PlyCount "86"]
[EventDate "2014.06.06"]
[EventType "swiss"]
[EventRounds "7"]
[EventCountry "NED"]
[SourceTitle "EXT 2015"]
[Source "ChessBase"]
[SourceDate "2014.11.20"]
[SourceVersion "1"]
[SourceVersionDate "2014.11.20"]
[SourceQuality "1"]

1. d4 Nf6 2. c4 e6 3. Nf3 b6 4. Bg5 Bb7 5. Nc3 Bb4 6. Qd3 h6 7. Bd2 Bxc3 8. Bxc3 Be4 9. Qd1 d5 10. e3 0-0 11. Ne5 Qc8 12. f3 Bh7 13. Bd3 Bxd3 14. Qxd3 Qb7 15. 0-0 Na6 16. b4 c5 17. bxc5 bxc5 18. Rab1 Qc8 19. Ng4 Nxg4 20. fxg4 dxc4 21. Qxc4 Qc6 22. Rbc1 Rac8 23. Bb2 Qb7 24. Qe2 cxd4 25. Bxd4 f6 26. Rb1 Qc6 27. Bxa7 Nc7 28. Rfc1 Qa4 29. Bc5 Rfe8 30. Rb4 Qa8 31. Rbc4 Nd5 32. a3 Qb7 33. Bb4 Qa6 34. Kf2 Rcd8 35. Rc6 Qa4 36. Qc2 Qa7 37. Rc5 Qb8 38. Ba5 Qe5 39. Bxd8 Qxe3+ 40. Kf1 Qxa3 41. Rxd5 exd5 42. Bc7 Re4 43. Qd1 Rd4 1/2-1/2

[Event "Maastricht Limburg op-B 8th"]
[Site "Maastricht"]
[Date "2014.06.07"]
[Round "2"]
[White "Holwijn, Melvin"]
[Black "Van de Griend, Johan"]
[Result "0-1"]
[WhiteElo "1983"]
[BlackElo "1963"]
[PlyCount "96"]
[EventDate "2014.06.06"]
[EventType "swiss"]
[EventRounds "7"]
[EventCountry "NED"]
[SourceTitle "EXT 2015"]
[Source "ChessBase"]
[SourceDate "2014.11.20"]
[SourceVersion "1"]
[SourceVersionDate "2014.11.20"]
[SourceQuality "1"]

1. Nf3 d5 2. d4 Nf6 3. c4 c6 4. Nc3 e6 5. cxd5 exd5 6. Qc2 Bb4 7. Nd2 0-0 8. e3 Re8 9. Bd3 Nbd7 10. 0-0 Nf8 11. Nf3 Bd6 12. Bf5 Bxf5 13. Qxf5 Qd7 14. Qxd7 N8xd7 15. Bd2 Ne4 16. Nxe4 dxe4 17. Ne1 f5 18. f3 Rf8 19. Nc2 Rae8 20. Bb4 Bxb4 21. Nxb4 a5 22. Nc2 Nb6 23. f4 Nd5 24. Kf2 Re6 25. Rfc1 g5 26. g3 Rh6 27. Rh1 gxf4 28. gxf4 Rf7 29. Rag1+ Rg7 30. Rg5 Rxg5 31. fxg5 Rh3 32. Kg2 Rf3 33. Rf1 Rxe3 34. Rf2 Rd3 35. Kf1 f4 36. a3 e3 37. Rf3 Rd2 38. Ne1 Rxd4 39. b3 Kg7 40. h4 Kg6 41. Kg2 Rd2+ 42. Kh3 Kf5 43. Rf1 Rf2 44. Rg1 Rb2 45. Nf3 Ke4 46. Kg4 Rf2 47. Rc1 Rg2+ 48. Kh3 Rg3+ 0-1

[Event "Maastricht Limburg op-B 8th"]
[Site "Maastricht"]
[Date "2014.06.06"]
[Round "1"]
[White "Sterckx, Pieter"]
[Black "Holwijn, Melvin"]
[Result "1-0"]
[WhiteElo "1853"]
[BlackElo "1983"]
[PlyCount "104"]
[EventDate "2014.06.06"]
[EventType "swiss"]
[EventRounds "7"]
[EventCountry "NED"]
[SourceTitle "EXT 2015"]
[Source "ChessBase"]
[SourceDate "2014.11.20"]
[SourceVersion "1"]
[SourceVersionDate "2014.11.20"]
[SourceQuality "1"]

1. e4 e5 2. f4 d5 3. exd5 exf4 4. Nf3 Nf6 5. Nc3 Bd6 6. Bb5+ Bd7 7. Qe2+ Qe7 8. Qxe7+ Kxe7 9. 0-0 Bxb5 10. Nxb5 Nxd5 11. c4 Nb4 12. d4 a6 13. Nxd6 cxd6 14. Bxf4 Nd3 15. Bg3 Nxb2 16. c5 dxc5 17. dxc5 f6 18. Rab1 Nd3 19. Rxb7+ Nd7 20. c6 N3c5 21. Rc7 Rhc8 22. Re1+ Kd8 23. cxd7 Rxc7 24. Re8+ Kxd7 25. Rxa8 Rb7 26. Rb8 Rxb8 27. Bxb8 Na4 28. Ba7 Nc3 29. a3 Kc6 30. Nd4+ Kd5 31. Kf2 Nb1 32. a4 a5 33. Nb3 Nc3 34. Bd4 Nxa4 35. Ke3 f5 36. Bxg7 Nb6 37. Nxa5 Ke6 38. Nc6 Nd5+ 39. Kf3 Kf7 40. Bd4 Kg6 41. Ne5+ Kh5 42. Nd3 Kg5 43. g3 Ne7 44. h4+ Kg6 45. Kf4 Kh5 46. Bf6 Nd5+ 47. Kxf5 Nxf6 48. Kxf6 Kg4 49. Kg7 Kxg3 50. h5 Kg4 51. h6 Kg5 52. Kxh7 Kf6 1-0

[Event "Spijkenisse op-A 3rd"]
[Site "Spijkenisse"]
[Date "2013.10.26"]
[Round "2"]
[White "Coenen, Michael"]
[Black "Holwijn, Melvin"]
[Result "1-0"]
[WhiteElo "2309"]
[BlackElo "1953"]
[PlyCount "61"]
[EventDate "2013.10.25"]
[EventType "swiss"]
[EventRounds "6"]
[EventCountry "NED"]
[SourceTitle "EXT 2014"]
[Source "ChessBase"]
[SourceDate "2013.11.20"]
[SourceVersion "1"]
[SourceVersionDate "2013.11.20"]
[SourceQuality "1"]

1. e4 e5 2. Nf3 Nf6 3. Nxe5 d6 4. Nf3 Nxe4 5. d4 d5 6. Bd3 Nc6 7. h3 Be7 8. 0-0 0-0 9. Re1 f5 10. c4 Be6 11. cxd5 Bxd5 12. Nc3 Nxc3 13. bxc3 Bd6 14. Rb1 Qd7 15. Rb5 Be4 16. Bc4+ Kh8 17. Ng5 Rf6 18. Nxh7 Kxh7 19. Qh5+ Rh6 20. Bxh6 gxh6 21. f3 a6 22. Rb2 Bg3 23. Bf7 Qd6 24. Rd1 Bxf3 25. Qxf3 f4 26. Re2 Rf8 27. Re6 Rxf7 28. Rxd6 cxd6 29. Rd2 Na5 30. Re2 Nc4 31. Qd3+ 1-0

[Event "Haarlem Nova College op-B 12th"]
[Site "Haarlem"]
[Date "2013.06.30"]
[Round "5"]
[White "Finkenflugel, Renzo"]
[Black "Holwijn, Melvin"]
[Result "0-1"]
[WhiteElo "1894"]
[BlackElo "1980"]
[PlyCount "62"]
[EventDate "2013.06.28"]
[EventType "swiss"]
[EventRounds "6"]
[EventCountry "NED"]
[SourceTitle "EXT 2015"]
[Source "ChessBase"]
[SourceDate "2014.11.20"]
[SourceVersion "1"]
[SourceVersionDate "2014.11.20"]
[SourceQuality "1"]

1. e4 e5 2. Nf3 Nf6 3. Nxe5 d6 4. Nc4 Nxe4 5. Nc3 Nf6 6. d4 Nc6 7. Be2 Be7 8. 0-0 0-0 9. Bf3 Bf5 10. Re1 Qd7 11. Ne3 Bg6 12. Ncd5 Bd8 13. c3 Rb8 14. b4 Nxd5 15. Nxd5 Ne7 16. Nxe7+ Bxe7 17. b5 Bf6 18. a4 Rfe8 19. Rxe8+ Qxe8 20. Be3 Be4 21. Bg4 b6 22. Rc1 Qe7 23. Qb3 Re8 24. Re1 Qd8 25. Qc4 Re7 26. Bd2 Qa8 27. Bh3 Bd5 28. Qd3 Rxe1+ 29. Bxe1 Qe8 30. Bd2 Qe4 31. Bf5 Qxg2# 0-1

[Event "Haarlem Nova College op-B 12th"]
[Site "Haarlem"]
[Date "2013.06.29"]
[Round "3"]
[White "Holwijn, Melvin"]
[Black "Vlaming, Halana"]
[Result "1-0"]
[WhiteElo "1980"]
[BlackElo "1783"]
[PlyCount "105"]
[EventDate "2013.06.28"]
[EventType "swiss"]
[EventRounds "6"]
[EventCountry "NED"]
[SourceTitle "EXT 2015"]
[Source "ChessBase"]
[SourceDate "2014.11.20"]
[SourceVersion "1"]
[SourceVersionDate "2014.11.20"]
[SourceQuality "1"]

1. d4 d5 2. Nf3 Nf6 3. c4 e6 4. Nc3 Be7 5. Bg5 0-0 6. e3 a6 7. cxd5 exd5 8. Bd3 Nc6 9. Rc1 Re8 10. h3 Be6 11. 0-0 h6 12. Bf4 Bd6 13. Ne5 Ne7 14. Qf3 Rc8 15. Bxh6 Nc6 16. Nxc6 bxc6 17. Bg5 Be7 18. Bxa6 Rb8 19. b3 Nh7 20. Bxe7 Qxe7 21. Bd3 Nf6 22. Na4 Qd6 23. Nc5 Bd7 24. Qf4 Qxf4 25. exf4 Rb6 26. Rfe1 Rxe1+ 27. Rxe1 Kf8 28. g4 Bc8 29. Bf1 Nd7 30. Nd3 f6 31. f5 Kf7 32. Nf4 Nf8 33. Bd3 Bd7 34. Ng6 Nxg6 35. fxg6+ Kf8 36. Bf5 Bxf5 37. gxf5 Rb4 38. Rd1 Rb8 39. Rc1 Rb6 40. Kg2 Ke7 41. Kf3 Kd6 42. h4 Rb8 43. Rc3 Rh8 44. Kg4 Re8 45. Re3 Rh8 46. b4 Rb8 47. Rb3 Re8 48. Re3 Rb8 49. a3 Ra8 50. h5 Rh8 51. a4 Kd7 52. a5 Rb8 53. h6 1-0

[Event "Maarssen OKU op-A"]
[Site "Maarssen"]
[Date "2013.06.01"]
[Round "3"]
[White "Holwijn, Melvin"]
[Black "Balje, Jan"]
[Result "1/2-1/2"]
[WhiteElo "2032"]
[BlackElo "2189"]
[PlyCount "100"]
[EventDate "2013.05.31"]
[EventType "swiss"]
[EventRounds "6"]
[EventCountry "NED"]
[SourceTitle "CBM 154 Extra"]
[Source "ChessBase"]
[SourceDate "2013.06.25"]
[SourceVersion "2"]
[SourceVersionDate "2013.06.25"]
[SourceQuality "1"]

1. d4 d5 2. Nf3 Nf6 3. c4 c6 4. Nc3 dxc4 5. a4 Bf5 6. e3 e6 7. Bxc4 Bb4 8. 0-0 0-0 9. Qe2 Nbd7 10. Rd1 Bg6 11. Bd3 Bxd3 12. Qxd3 Qa5 13. e4 e5 14. Na2 exd4 15. Nxb4 Qxb4 16. Bd2 Qd6 17. Qxd4 Qxd4 18. Nxd4 Nxe4 19. Bb4 c5 20. Nf5 Rfd8 21. Be1 Ne5 22. f3 Nf6 23. Nd6 Rd7 24. Bc3 Nc6 25. Bxf6 gxf6 26. Ne4 Re7 27. Nxc5 Re2 28. Rab1 Kg7 29. Nxb7 Rb8 30. Kf1 Rc2 31. Rdc1 Rxc1+ 32. Rxc1 Rxb7 33. Rxc6 Rxb2 34. Rc7 f5 35. Rxa7 Ra2 36. a5 f4 37. h3 Kf6 38. a6 Kg6 39. Ra8 Kg7 40. a7 h6 41. Ke1 Kh7 42. Kd1 Kg7 43. Kc1 Kh7 44. Kb1 Ra4 45. Kb2 Kg7 46. Kb3 Ra1 47. Kb4 Ra2 48. Kb5 Ra1 49. Kb6 Rb1+ 50. Kc7 Ra1 1/2-1/2

[Event "Maastricht Limburg op-B 7th"]
[Site "Maastricht"]
[Date "2013.05.20"]
[Round "6"]
[White "Porteman, Eric"]
[Black "Holwijn, Melvin"]
[Result "1/2-1/2"]
[WhiteElo "1912"]
[BlackElo "2032"]
[PlyCount "75"]
[EventDate "2013.05.17"]
[EventType "swiss"]
[EventRounds "7"]
[EventCountry "NED"]
[SourceTitle "EXT 2014"]
[Source "ChessBase"]
[SourceDate "2013.11.20"]
[SourceVersion "1"]
[SourceVersionDate "2013.11.20"]
[SourceQuality "1"]

1. c4 Nf6 2. Nf3 b6 3. Nc3 Bb7 4. d3 d5 5. cxd5 Nxd5 6. Bd2 e6 7. Nxd5 Bxd5 8. Bc3 f6 9. e3 Bd6 10. Be2 0-0 11. 0-0 Nd7 12. d4 f5 13. b3 Rf6 14. Ne5 Rh6 15. g3 Nf6 16. f3 Qe8 17. Bd3 g5 18. Qc2 Qh5 19. Rf2 Rf8 20. e4 fxe4 21. fxe4 Nxe4 22. Rxf8+ Bxf8 23. Bxe4 Bxe4 24. Qf2 Bg7 25. g4 Qe8 26. Qe3 Bxe5 27. dxe5 Bb7 28. Rf1 Rg6 29. Qd4 Bd5 30. Rf6 Qc6 31. Qb4 Rxf6 32. exf6 Qd7 33. Qd4 Qf7 34. Kf2 Qg6 35. Kg3 c5 36. Qe3 h6 37. h4 Qc2 38. Bd2 1/2-1/2

[Event "Maastricht Limburg op-B 7th"]
[Site "Maastricht"]
[Date "2013.05.19"]
[Round "4"]
[White "Holwijn, Melvin"]
[Black "Bondarchuk, Vadim"]
[Result "1/2-1/2"]
[WhiteElo "2032"]
[BlackElo "1996"]
[PlyCount "38"]
[EventDate "2013.05.17"]
[EventType "swiss"]
[EventRounds "7"]
[EventCountry "NED"]
[SourceTitle "EXT 2014"]
[Source "ChessBase"]
[SourceDate "2013.11.20"]
[SourceVersion "1"]
[SourceVersionDate "2013.11.20"]
[SourceQuality "1"]

1. d4 d5 2. Nf3 Nf6 3. c4 e6 4. Nc3 c5 5. cxd5 exd5 6. Bg5 cxd4 7. Nxd4 Nc6 8. e3 Be7 9. Bb5 Bd7 10. Bxf6 Bxf6 11. Nxd5 Bxd4 12. exd4 0-0 13. Bxc6 Bxc6 14. Ne3 Qa5+ 15. Qd2 Qxd2+ 16. Kxd2 Rfd8 17. Nf5 Rd7 18. Rad1 g6 19. Ne3 Rxd4+ 1/2-1/2

[Event "Delft Prinsenstad op-B 6th"]
[Site "Delft"]
[Date "2013.03.29"]
[Round "1"]
[White "Holwijn, Melvin"]
[Black "Roeleveld, Koos"]
[Result "1/2-1/2"]
[WhiteElo "1970"]
[BlackElo "1824"]
[PlyCount "109"]
[EventDate "2013.03.29"]
[EventType "swiss"]
[EventRounds "6"]
[EventCountry "NED"]
[SourceTitle "EXT 2018"]
[Source "ChessBase"]
[SourceDate "2017.10.13"]
[SourceVersion "1"]
[SourceVersionDate "2017.10.13"]
[SourceQuality "1"]

1. d4 Nf6 2. c4 g6 3. Nc3 d5 4. Bf4 Bg7 5. e3 c6 6. Nf3 0-0 7. Bd3 Bg4 8. h3 Bxf3 9. Qxf3 Qb6 10. Rb1 dxc4 11. Bxc4 Qb4 12. Bb3 a5 13. Qe2 a4 14. Qc4 Qxc4 15. Bxc4 b5 16. Bd3 Nh5 17. Bh2 Nd7 18. Be4 Ra6 19. 0-0 b4 20. Bd3 Ra7 21. Ne4 c5 22. Nxc5 Nxc5 23. dxc5 Rc8 24. Rfc1 a3 25. bxa3 Rxa3 26. Be4 Bc3 27. c6 Nf6 28. Bf3 Rxa2 29. g4 g5 30. Rb3 Rd2 31. Rbxc3 bxc3 32. Rxc3 e6 33. Rb3 Nd5 34. Bxd5 Rxd5 35. c7 Ra5 36. Rb8 Ra8 37. Bd6 f6 38. f4 Kf7 39. fxg5 fxg5 40. e4 Ke8 41. e5 Kd7 42. Rb7 Ra6 43. Rb8 Rc6 44. Kf2 R6xc7 45. Bxc7 Kxc7 46. Rb3 Rf8+ 47. Ke3 Kc6 48. Rd3 Kc7 49. Rd6 Re8 50. Kd4 Rd8 51. Rxd8 Kxd8 52. Kc4 Kc7 53. Kc5 h6 54. Kb5 Kb7 55. Kc5 1/2-1/2

[Event "Maastricht Limburg op-B 6th"]
[Site "Maastricht"]
[Date "2012.05.28"]
[Round "6"]
[White "Kuryliw, Ray"]
[Black "Holwijn, Melvin"]
[Result "0-1"]
[WhiteElo "1897"]
[BlackElo "2025"]
[PlyCount "98"]
[EventDate "2012.05.25"]
[EventType "swiss"]
[EventRounds "7"]
[EventCountry "NED"]
[SourceTitle "EXT 2013"]
[Source "ChessBase"]
[SourceDate "2012.11.22"]
[SourceVersion "1"]
[SourceVersionDate "2012.11.22"]
[SourceQuality "1"]

1. e4 e5 2. Nf3 Nf6 3. Nc3 Bb4 4. Ne2 Nxe4 5. c3 Bc5 6. d4 exd4 7. Nexd4 Nc6 8. Bd3 d5 9. 0-0 0-0 10. Nxc6 bxc6 11. Qa4 Qd7 12. Bxe4 dxe4 13. Qxe4 Ba6 14. Re1 Rae8 15. Qc2 Rxe1+ 16. Nxe1 Re8 17. Nf3 Re2 18. Bd2 Rxf2 19. Kh1 Qg4 20. Rg1 Rxf3 21. Qd1 Bxg1 22. gxf3 Qe6 23. Qxg1 Qe2 24. Qe1 Qxf3+ 25. Kg1 h6 26. Qf2 Qd3 27. a3 Bc4 28. Bf4 Qb1+ 29. Kg2 Bd5+ 30. Kg3 Qg6+ 31. Kh4 Be6 32. Qf3 Qf5 33. Kg3 Bd5 34. Qe3 h5 35. h3 Qg6+ 36. Kf2 Qg2+ 37. Ke1 Qxb2 38. c4 Qb1+ 39. Kf2 Qc2+ 40. Ke1 Qxc4 41. Qg3 Qe4+ 42. Kf2 Qc2+ 43. Ke1 Bc4 44. Qe3 Qd3 45. Qe8+ Kh7 46. Qe5 Qg6 47. Be3 Be6 48. h4 Bg4 49. Bd4 Qe6 0-1

[Event "Maastricht Limburg op-B 5th"]
[Site "Maastricht"]
[Date "2011.06.12"]
[Round "5"]
[White "Van der Scheur, Dirk"]
[Black "Holwijn, Melvin"]
[Result "1-0"]
[WhiteElo "1895"]
[BlackElo "2009"]
[PlyCount "105"]
[EventDate "2011.06.10"]
[EventType "swiss"]
[EventRounds "7"]
[EventCountry "NED"]
[SourceTitle "EXT 2012"]
[Source "ChessBase"]
[SourceDate "2011.11.24"]
[SourceVersion "1"]
[SourceVersionDate "2011.11.24"]
[SourceQuality "1"]

1. d4 d5 2. c4 c6 3. Nf3 Nf6 4. e3 e6 5. Nbd2 Be7 6. Bd3 Nbd7 7. 0-0 Qc7 8. b3 0-0 9. Bb2 Re8 10. e4 dxe4 11. Nxe4 Nxe4 12. Bxe4 Bf6 13. Re1 g6 14. Qc2 Bg7 15. h4 Nf6 16. Bd3 b6 17. c5 Nd5 18. a3 a5 19. Ne5 b5 20. Qd2 f6 21. Nf3 Nf4 22. Bf1 Nd5 23. g3 e5 24. dxe5 fxe5 25. Bxb5 cxb5 26. Qxd5+ Be6 27. Qd6 Qxd6 28. cxd6 Bxb3 29. Bxe5 Bd5 30. Bxg7 Bxf3 31. Bh6 Kf7 32. Bg5 Bg4 33. Rac1 Rxe1+ 34. Rxe1 Re8 35. Be7 Rc8 36. f3 Bd7 37. g4 Rc4 38. Bg5 Bc6 39. d7 Bxd7 40. Re7+ Kg8 41. Rxd7 h5 42. gxh5 gxh5 43. Rd3 b4 44. axb4 Rxb4 45. Ra3 a4 46. f4 Kf7 47. f5 Rb5 48. f6 Ra5 49. Kf2 Ke6 50. Ke3 Kd6 51. Ke4 Ra7 52. Kd4 Kc6 53. Kc4 1-0

[Event "Zwijndrecht op"]
[Site "Zwijndrecht"]
[Date "2010.12.26"]
[Round "2"]
[White "Maes, Wim"]
[Black "Holwijn, Melvin"]
[Result "1-0"]
[WhiteElo "2274"]
[BlackElo "2021"]
[PlyCount "59"]
[EventDate "2010.12.26"]
[EventType "swiss"]
[EventRounds "9"]
[EventCountry "BEL"]
[SourceTitle "CBM 140 Extra"]
[Source "ChessBase"]
[SourceDate "2011.03.01"]
[SourceVersion "1"]
[SourceVersionDate "2011.03.01"]
[SourceQuality "1"]

1. e4 e5 2. f4 d5 3. exd5 exf4 4. Nf3 Nf6 5. Bc4 Bd6 6. Qe2+ Qe7 7. Qxe7+ Kxe7 8. d4 Re8 9. 0-0 Kf8 10. Nc3 Ng4 11. Nb5 Ne3 12. Bxe3 Rxe3 13. Bd3 h6 14. Rae1 Rxe1 15. Rxe1 Nd7 16. c4 a6 17. Nxd6 cxd6 18. Nd2 Nf6 19. Nb1 Bd7 20. Nc3 Rc8 21. b4 Bb5 22. cxb5 Rxc3 23. bxa6 Rxd3 24. axb7 Nd7 25. Rc1 Re3 26. Rc8+ Re8 27. a4 Ke7 28. a5 Nb8 29. b5 Rd8 30. a6 1-0

[Event "Maastricht Limburg op-B 4th"]
[Site "Maastricht"]
[Date "2010.05.24"]
[Round "7"]
[White "Roufs, Gerard"]
[Black "Holwijn, Melvin"]
[Result "1/2-1/2"]
[WhiteElo "1984"]
[BlackElo "2021"]
[PlyCount "103"]
[EventDate "2010.05.21"]
[EventType "swiss"]
[EventRounds "7"]
[EventCountry "NED"]
[SourceTitle "EXT 2011"]
[Source "ChessBase"]
[SourceDate "2010.11.26"]
[SourceVersion "1"]
[SourceVersionDate "2010.11.26"]
[SourceQuality "1"]

1. d4 Nf6 2. Nf3 e6 3. e3 b6 4. Bd3 Bb7 5. 0-0 Be7 6. c4 0-0 7. Nc3 d5 8. cxd5 exd5 9. Qc2 Nbd7 10. Bd2 c5 11. Rfc1 Rc8 12. dxc5 Nxc5 13. Bf5 Ne6 14. Qd3 Ra8 15. Rd1 Nc5 16. Qb1 g6 17. Bc2 Qc8 18. Ne2 Nfe4 19. Be1 Rd8 20. Ned4 Ne6 21. Rc1 Qd7 22. Bd3 Nxd4 23. Nxd4 a6 24. Qc2 Nc5 25. Be2 Bd6 26. Qd1 Be5 27. Bg4 f5 28. Bf3 Ne4 29. Rc2 Rac8 30. Rac1 Rxc2 31. Rxc2 Rc8 32. Rxc8+ Qxc8 33. g3 Qc4 34. b3 Qc5 35. Kg2 Qd6 36. Qc2 Ng5 37. Be2 Ne6 38. Bc3 Nc5 39. Bb2 Nd7 40. Kg1 Qc5 41. Qd2 Qd6 42. Nf3 Bf6 43. Bxf6 Nxf6 44. Qd4 Ne4 45. Nd2 Qc6 46. Nxe4 fxe4 47. Qe5 Bc8 48. Kg2 b5 49. b4 Be6 50. Qb8+ Kg7 51. Qe5+ Kg8 52. Qb8+ 1/2-1/2

[Event "Maastricht Limburg op-B 4th"]
[Site "Maastricht"]
[Date "2010.05.23"]
[Round "4"]
[White "Liston, Mike"]
[Black "Holwijn, Melvin"]
[Result "0-1"]
[WhiteElo "1705"]
[BlackElo "2021"]
[PlyCount "54"]
[EventDate "2010.05.21"]
[EventType "swiss"]
[EventRounds "7"]
[EventCountry "NED"]
[SourceTitle "EXT 2011"]
[Source "ChessBase"]
[SourceDate "2010.11.26"]
[SourceVersion "1"]
[SourceVersionDate "2010.11.26"]
[SourceQuality "1"]

1. e4 d5 2. exd5 Qxd5 3. d4 Nf6 4. Nc3 Qa5 5. Nf3 c6 6. Be2 Bg4 7. 0-0 e6 8. Bd2 Qc7 9. Ne5 Bxe2 10. Qxe2 Nbd7 11. Bf4 Bd6 12. Rfe1 0-0 13. Nxd7 Qxd7 14. Bxd6 Qxd6 15. Qe5 Qb4 16. Rab1 Rad8 17. Ne2 Qc4 18. Qa5 Qxc2 19. Qxa7 Rd7 20. Qc5 Qa4 21. a3 Ra8 22. Rec1 Qa5 23. f3 Qd2 24. Kf1 Nd5 25. Kf2 Nf4 26. Rc2 Nd3+ 27. Kf1 Qe3 0-1